Countries Containing ‘And’ - Hard Version - Statistics

General Stats
  • This quiz has been taken 249 times
  • The average score is 12 of 19
Answer Stats
‘And’ Location Country % Correct
Contains ‘land’ Finland
83%
Contains word ‘and’ Trinidad and Tobago
82%
Contains word ‘and’ Saint Kitts and Nevis
81%
Contains word ‘and’ Antigua and Barbuda
80%
Contains ‘land’ Netherlands
80%
Contains ‘land’ Ireland
79%
Contains ‘land’ Iceland
78%
Contains word ‘and’ Saint Vincent and the Grenadines
76%
Contains ‘land’ Poland
72%
Contains ‘land’ Thailand
69%
Contains word ‘and’ Bosnia and Herzegovina
68%
Contains ‘land’ New Zealand
66%
Contains word ‘and’ São Tomé and Príncipe
66%
Contains ‘land’ Switzerland
64%
Neither Andorra
49%
Contains ‘land’ Marshall Islands
46%
Contains ‘land’ Solomon Islands
45%
Neither Uganda
23%
Neither Rwanda
22%
No matching quizzes found
Score Distribution
Percent of People with Each Score
Percentile by Number Answered
Your Score History
You have not taken this quiz